| 000 | 00798nam a22002175i 4500 | ||
|---|---|---|---|
| 001 | 163252 | ||
| 003 | ES-MaACL | ||
| 005 | 20250703063118.0 | ||
| 008 | 990721s1873 fr |||| | fre d | ||
| 040 |
_aCAM _bspa _cCAM |
||
| 080 | _a270"00" | ||
| 100 | 1 |
_aRenan, Ernest, _d1823-1892 _996168 |
|
| 245 | 1 | 2 |
_aL'Antechrist / _cpar Ernest Renan. |
| 260 |
_aParis : _bMichel Lévy Frères, éditeurs : _bLibrairie Nouvelle, _c1873 ( _fJ. Claye) |
||
| 300 |
_aLI, 572 p. ; _c22 cm. |
||
| 490 | 1 | _aHistoire des origines du christianisme | |
| 830 | 0 |
_aHistoire des origines du christianisme _9188420 |
|
| 852 |
_aES-MaACL _jD-4991 _z-- Enc. hol. |
||
| 852 |
_aES-MaACL _jF-7020 _z-- Enc. pasta española deteriorada _x-- T598: El número de la serie es 4 |
||
| 999 |
_c163252 _d163252 |
||